Effects of ecological conditions on wood anatomy (Registro nro. 10197)

Detalles MARC
000 -CABECERA
Campo de control 004210000a22001570004500
090 ## - CLASIFICACIÓN LOCAL
Colección AR
Consecutivo 01111
041 0# - IDIOMA
Código de idioma para texto/pista de sonido o título separado
100 1# - ASIENTO PRINCIPAL--NOMBRE PERSONAL
Nombre personal Chalk, L.
245 10 - MENCION DE TITULO
Título Effects of ecological conditions on wood anatomy
650 14 - ASIENTO SECUNDARIO DE MATERIA - TERMINO TEMATICO
Término temático o nombre geográfico como elemento de entrada Fisiología
650 14 - ASIENTO SECUNDARIO DE MATERIA - TERMINO TEMATICO
Término temático o nombre geográfico como elemento de entrada Crecimiento vegetal
650 14 - ASIENTO SECUNDARIO DE MATERIA - TERMINO TEMATICO
Término temático o nombre geográfico como elemento de entrada Anatomía vegetal
650 14 - ASIENTO SECUNDARIO DE MATERIA - TERMINO TEMATICO
Término temático o nombre geográfico como elemento de entrada Madera
773 1# - Item fuente:
Título Ecology
Especificación de materiales 57
Paginas del Articulo 152-156
Lugar, editorial y fecha de publicación 1981?
942 ## - ELEMENTOS ADICIONALES (KOHA)
Tipo de ítem Artículo
Existencias
Withdrawn status Lost status Damaged status No para préstamo Colección Ubicación Permanente Ubicación actual Fecha de adquisición Datos de publicación Seriada Total Checkouts Número topográfico Inventario / Código de Barras Date last seen Ejemplar Price effective from Forma de adquisición Tipo de material
      No para Préstamo Hemeroteca Bogotá Bogotá 27/02/2015 Fuera de circulación   AR 01111 011428 25/03/2015 1 25/03/2015   Artículo